Normal view
MARC view
- الموسى، محمد خليل
Entry Personal Name
001 - CONTROL NUMBER
- control field: 21460
003 - CONTROL NUMBER IDENTIFIER
- control field: JO-AjAnu
005 - DATE AND TIME OF LATEST TRANSACTION
- control field: 20230606073722.0
008 - FIXED-LENGTH DATA ELEMENTS
- fixed length control field: 230606|| aca||aabn | a|a d
040 ## - CATALOGING SOURCE
- Original cataloging agency: JO-AjAnu
- Transcribing agency: JO-AjAnu
100 ## - HEADING--PERSONAL NAME
- Personal name: الموسى، محمد خليل
670 ## - SOURCE DATA FOUND
- Source citation: Work cat.: (JO-AjAnu)11025: الموسى، محمد خليل, author, التسويات السليمة المتعلقة بخلافة الدول وفقا لأحكام القانون الدولي